02463nam a2200397 i 450000100090000000300090000900500170001800800410003502000180007603500250009404000330011908200210015210000400017324500900021326400500030330000290035333600260038233700280040833800270043649000580046350400510052150507870057265000730135965000760143265000420150865000480155065000480159865000510164665100730169765100700177065300170184065500170185794200120187499900170188695201620190317078709EG-ScBUE20240527084000.0110905s2011 enk f b 001 0 eng d a9781849041591 a(Uk-RwCLS)uk17454207 aDLCbengerdacDLCdEG-ScBUE04222a956.054bFIL1 aFiliu, Jean-Pierre,eauthor.92874914aThe Arab revolution :bten lessons from the democratic uprising /cJean-Pierre Filiu. 1aLondon :bC Hurst & Co Publishers Ltd,c2011. axii, 195 pages ;c22 cm. 2rdacontentatextbtxt aunmediated2rdamediabn avolumebnc2rdacarrier0 aComparative politics and international studies series aIncludes bibliographical references and index. aArabs are no exception -- Muslims are not only Muslims -- Anger is power for the younger -- Social networks work -- Leaderless movements can win -- The alternative to democracy is chaos -- Islamists must choose -- Jihadis could become obsolete -- Palestine is still the mantra --No domino effect in the renaissance -- Appendices: Lyrics of "Mister president" by el-General (Sfax, December 2010) -- Manifesto of the Gaza youth (14 december 2010) -- Message of the April 6th Movement -- (Cairo, 15 January 2011) -- Comments by Sheikh Salman al-Awda -- (Riyadh, 7 February 2011) -- Communiqué of the Revolutionary Youth -- (Cairo, 12 February 2011) -- Charter of the National Transitional Council -- (Benghazi, 2 March 2011) --Statement of the Syrian local coordination committees -- 7928747aProtest movementsxHistoryy21st centuryzMiddle East.2BUEsh 7928748aProtest movementsxHistoryy21st centuryzArab countries.2BUEsh 7911825aDemocracyzMiddle East.2BUEsh 7911823aDemocratizationzMiddle East.2BUEsh 7911823aDemocratizationzMiddle East.2BUEsh 7911822aDemocratizationzArab countries.2BUEsh 7928746aArab countriesxPolitics and governmenty21st century.2BUEsh 7922790aMiddle EastxPolitics and governmenty21st century.2BUEsh cFebruary2012 vReading book 2ddccBB c16426d16426 00102ddc40708MERICaMAINbMAINc2NDd2012-02-09ePurchaseg141.00h13168l11m16o956.054 FILp000026037r2025-07-15 00:00:00s2016-11-22w2012-02-09yBB